[Event "Oberliga Ost A"]
[Site "?"]
[Date "2022.06.19"]
[Round "5.1"]
[White "Rafayevych, Vilen"]
[Black "Richter, Leonard"]
[Result "0-1"]
[WhiteElo "2155"]
[BlackElo "2289"]
[PlyCount "76"]
[EventDate "2021.10.10"]
[EventType "team-tourn"]
[EventCountry "GER"]
[WhiteTeam "Magdeburg SG Aufbau Elbe II"]
[BlackTeam "Leipzig SG"]
[WhiteTeamCountry "GER"]
[BlackTeamCountry "GER"]

1. d4 Nf6 2. c4 g6 3. Nc3 Bg7 4. e4 d6 5. Nge2 O-O 6. Ng3 e5 7. d5 a5 8. h4 h5
9. Be2 Ng4 10. f3 Nh6 11. Be3 Na6 12. Qd2 Kh7 13. Nb5 b6 14. O-O-O a4 15. Bd3
Nc5 16. Bc2 Bd7 17. Na3 Qe8 18. Kb1 Rb8 19. Ne2 f5 20. exf5 Bxf5 21. Nc3 Bxc2+
22. Nxc2 Nf5 23. Bg5 e4 24. Rhe1 b5 25. Nxe4 bxc4 26. Bf6 Nxe4 27. Rxe4 Bxf6
28. Rxe8 Rxb2+ 29. Kc1 Rxe8 30. g4 Reb8 31. Qf4 Rb1+ 32. Kd2 c3+ 33. Ke2 Re8+
34. Kf2 Rxd1 35. gxf5 Rd2+ 36. Kf1 Rxc2 37. fxg6+ Kxg6 38. Qxa4 Rce2 0-1

[Event "Oberliga Ost A"]
[Site "?"]
[Date "2022.06.19"]
[Round "5.2"]
[White "Nguyen, Alex Dac Vuong"]
[Black "Wagner, Benjamin"]
[Result "1-0"]
[WhiteElo "2314"]
[BlackElo "2055"]
[PlyCount "91"]
[EventDate "2021.10.10"]
[EventType "team-tourn"]
[EventCountry "GER"]
[WhiteTeam "Leipzig SG"]
[BlackTeam "Magdeburg SG Aufbau Elbe II"]
[WhiteTeamCountry "GER"]
[BlackTeamCountry "GER"]

1. e4 e5 2. Nf3 Nc6 3. Bb5 a6 4. Ba4 Nf6 5. O-O Be7 6. Re1 b5 7. Bb3 d6 8. c3
O-O 9. h3 Na5 10. Bc2 c5 11. d4 Qc7 12. Nbd2 cxd4 13. cxd4 Nc6 14. Nb3 a5 15.
Be3 a4 16. Nbd2 Bd7 17. Rc1 Qb7 18. Nf1 exd4 19. Nxd4 d5 20. exd5 Nxd5 21. Be4
Nxd4 22. Bxd4 Be6 23. Qf3 Rfd8 24. Ne3 Rd7 25. Qh5 h6 26. Bxd5 Bxd5 27. Bxg7
Ra6 28. Nf5 Rg6 29. Rxe7 Rxg2+ 30. Kf1 Rxe7 31. Rc8+ Qxc8 32. Nxe7+ Kxg7 33.
Nxc8 Rg5 34. Qh4 Bxa2 35. Nd6 Be6 36. Qd4+ Kg6 37. h4 Rd5 38. Qf4 Rd1+ 39. Ke2
Rd5 40. Ne4 Rf5 41. Qg3+ Kh7 42. Nd6 Rd5 43. Ne8 Bg4+ 44. f3 Bxf3+ 45. Ke3 Re5+
46. Qxe5 1-0

[Event "Oberliga Ost A"]
[Site "?"]
[Date "2022.06.19"]
[Round "5.6"]
[White "Rausch, Stephan"]
[Black "Willberg, Frank"]
[Result "1-0"]
[WhiteElo "2275"]
[BlackElo "1889"]
[PlyCount "57"]
[EventDate "2021.10.10"]
[EventType "team-tourn"]
[EventCountry "GER"]
[WhiteTeam "Leipzig SG"]
[BlackTeam "Magdeburg SG Aufbau Elbe II"]
[WhiteTeamCountry "GER"]
[BlackTeamCountry "GER"]

1. d4 Nf6 2. Nf3 g6 3. c4 Bg7 4. Nc3 d5 5. e3 O-O 6. Qb3 c6 7. a4 a5 8. Bd2 Na6
9. cxd5 cxd5 10. Be2 Nb4 11. O-O Ne4 12. Nxe4 dxe4 13. Ng5 e5 14. Nxf7 Rxf7 15.
Bc4 Qe7 16. f3 Ra6 17. fxe4 Raf6 18. Rxf6 Bxf6 19. dxe5 Bxe5 20. Rf1 Bf6 21.
Bxf7+ Qxf7 22. Qxf7+ Kxf7 23. e5 Nd3 24. Rxf6+ Ke7 25. Bxa5 Nxe5 26. Rf4 Bd7
27. Re4 Kd6 28. Bc7+ Kxc7 29. Rxe5 1-0

[Event "Oberliga Ost A"]
[Site "?"]
[Date "2022.06.19"]
[Round "5.7"]
[White "Eschner, Fabian"]
[Black "Liedtke, Matthias"]
[Result "0-1"]
[WhiteElo "1726"]
[BlackElo "2240"]
[PlyCount "78"]
[EventDate "2021.10.10"]
[EventType "team-tourn"]
[EventCountry "GER"]
[WhiteTeam "Magdeburg SG Aufbau Elbe II"]
[BlackTeam "Leipzig SG"]
[WhiteTeamCountry "GER"]
[BlackTeamCountry "GER"]

1. e4 e6 2. d4 d5 3. e5 c5 4. c3 Nc6 5. Nf3 Qb6 6. Be2 cxd4 7. cxd4 Nge7 8. b3
Nf5 9. Be3 Bb4+ 10. Kf1 O-O 11. Bd3 Bd7 12. g3 Rac8 13. Kg2 Be7 14. Nc3 Qa5 15.
Ne2 Nxe3+ 16. fxe3 Nb4 17. Qd2 Bb5 18. a3 Bxd3 19. axb4 Qb5 20. Nc3 Bxb4 21.
Nxb5 Bxd2 22. Nxd2 Rc2 23. Nc3 Rc8 24. Rxa7 Rxd2+ 25. Kh3 h5 26. Na4 Be4 27.
Rg1 g5 28. g4 h4 29. Nc5 Re2 30. Nxe4 dxe4 31. Rg2 Rxe3+ 32. Rg3 hxg3 33. Ra2
Rcc3 34. hxg3 Rxg3+ 35. Kh2 Rh3+ 36. Kg2 Rcg3+ 37. Kf1 Rh1+ 38. Kf2 Rh2+ 39.
Kxg3 Rxa2 0-1

[Event "Oberliga Ost A"]
[Site "?"]
[Date "2022.06.19"]
[Round "5.2"]
[White "Pietzsch, Manuel"]
[Black "Niering, Martin"]
[Result "1-0"]
[WhiteElo "2128"]
[BlackElo "2181"]
[PlyCount "63"]
[EventDate "2021.10.10"]
[EventType "team-tourn"]
[EventCountry "GER"]
[WhiteTeam "Leipzig SG II"]
[BlackTeam "Magdeburg SV Rochade"]
[WhiteTeamCountry "GER"]
[BlackTeamCountry "GER"]

1. e4 e5 2. Nf3 Nc6 3. Bb5 a6 4. Ba4 Nf6 5. Qe2 b5 6. Bb3 Be7 7. c3 O-O 8. O-O
d6 9. Rd1 Na5 10. Bc2 c5 11. d3 Qc7 12. Nbd2 Re8 13. Nf1 Bf8 14. Bg5 Nd7 15.
Rac1 Nb6 16. b4 Nc6 17. Bb3 Ne7 18. Nh4 Ng6 19. Nxg6 hxg6 20. h4 Bb7 21. Ne3 a5
22. h5 gxh5 23. Qxh5 c4 24. Ng4 f5 25. exf5 cxb3 26. Qg6 Kh8 27. Qh5+ Kg8 28.
Qg6 Kh8 29. Kh2 d5 30. Rh1 Be7 31. Kg1+ Kg8 32. Nh6+ 1-0

[Event "Oberliga Ost A"]
[Site "?"]
[Date "2022.06.19"]
[Round "5.3"]
[White "Kahe, Ralph"]
[Black "Schultz, Andreas"]
[Result "0-1"]
[WhiteElo "2129"]
[BlackElo "2188"]
[PlyCount "71"]
[EventDate "2021.10.10"]
[EventType "team-tourn"]
[EventCountry "GER"]
[WhiteTeam "Magdeburg SV Rochade"]
[BlackTeam "Leipzig SG II"]
[WhiteTeamCountry "GER"]
[BlackTeamCountry "GER"]

1. d4 e6 2. c4 Nf6 3. Nc3 d5 4. Bg5 Be7 5. e3 O-O 6. Nf3 Nbd7 7. Rc1 c5 8. dxc5
dxc4 9. c6 bxc6 10. Bxc4 c5 11. O-O Bb7 12. Qe2 Nd5 13. Bxe7 Qxe7 14. Rfd1 N7b6
15. Ba6 Rac8 16. Bxb7 Qxb7 17. Ne4 Qe7 18. Ne5 f6 19. Nc4 Rfd8 20. a3 Rd7 21.
Ned2 Rdc7 22. g3 Rd8 23. Nb3 Rdc8 24. Nbd2 Rd8 25. Nb3 Rdc8 26. Nba5 Rd8 27. e4
Nxc4 28. Qxc4 Nb6 29. Rxd8+ Qxd8 30. Qxe6+ Kh8 31. Qb3 h6 32. Nc4 Rd7 33. Ne3
Rd4 34. Qc2 Qa8 35. f3 c4 36. Nxc4 0-1

[Event "Oberliga Ost A"]
[Site "?"]
[Date "2022.06.19"]
[Round "5.4"]
[White "Roemling, Sven"]
[Black "Schulze, Nick"]
[Result "1-0"]
[WhiteElo "2214"]
[BlackElo "1956"]
[PlyCount "61"]
[EventDate "2021.10.10"]
[EventType "team-tourn"]
[EventCountry "GER"]
[WhiteTeam "Leipzig SG II"]
[BlackTeam "Magdeburg SV Rochade"]
[WhiteTeamCountry "GER"]
[BlackTeamCountry "GER"]

1. Nf3 c5 2. g3 Nc6 3. c4 Nf6 4. Bg2 g6 5. O-O Bg7 6. Nc3 O-O 7. d4 cxd4 8.
Nxd4 Nxd4 9. Qxd4 d6 10. Rd1 Nd7 11. Qh4 Nc5 12. Nd5 Re8 13. Bg5 f6 14. Be3 Nd7
15. Rac1 Ne5 16. h3 Bd7 17. Nb4 Bc6 18. Nxc6 Nxc6 19. c5 Qa5 20. cxd6 exd6 21.
Rxd6 Rad8 22. Qc4+ Kh8 23. Qf7 Re7 24. Rxd8+ Qxd8 25. Qc4 f5 26. Bg5 Bxb2 27.
Rb1 Bd4 28. Bxe7 Nxe7 29. Rxb7 Bb6 30. e3 Qd1+ 31. Kh2 1-0

[Event "Oberliga Ost A"]
[Site "?"]
[Date "2022.06.19"]
[Round "5.5"]
[White "Hoffmann, Simon"]
[Black "Dietze, Frank"]
[Result "0-1"]
[WhiteElo "1877"]
[BlackElo "2056"]
[PlyCount "62"]
[EventDate "2021.10.10"]
[EventType "team-tourn"]
[EventCountry "GER"]
[WhiteTeam "Magdeburg SV Rochade"]
[BlackTeam "Leipzig SG II"]
[WhiteTeamCountry "GER"]
[BlackTeamCountry "GER"]

1. e4 c5 2. Nc3 Nc6 3. g3 g6 4. Bg2 Bg7 5. d3 d6 6. Be3 e5 7. Qd2 Nd4 8. Nd1
Ne7 9. c3 Ne6 10. Ne2 Bd7 11. O-O Qc7 12. f4 f5 13. h3 Bc6 14. g4 O-O-O 15.
fxe5 fxe4 16. dxe4 dxe5 17. Qc2 Rdf8 18. g5 Bb5 19. Nf2 Nf4 20. Bxf4 exf4 21.
Bf3 h6 22. h4 hxg5 23. hxg5 Qe5 24. Nh3 Bd7 25. Nexf4 Rxf4 26. Nxf4 Qxf4 27.
Qg2 Qe3+ 28. Rf2 Be5 29. Rd1 Kc7 30. Bg4 Bg3 31. Bxd7 Bxf2+ 0-1

[Event "Oberliga Ost A"]
[Site "?"]
[Date "2022.06.19"]
[Round "5.6"]
[White "Haufe, Laurin"]
[Black "Hoffmann, Uwe"]
[Result "1/2-1/2"]
[WhiteElo "2138"]
[BlackElo "2081"]
[PlyCount "83"]
[EventDate "2021.10.10"]
[EventType "team-tourn"]
[EventCountry "GER"]
[WhiteTeam "Leipzig SG II"]
[BlackTeam "Magdeburg SV Rochade"]
[WhiteTeamCountry "GER"]
[BlackTeamCountry "GER"]

1. e4 d5 2. exd5 Nf6 3. d4 Nxd5 4. g3 g6 5. Bg2 Bg7 6. Ne2 O-O 7. O-O c6 8. b3
Bf5 9. Bb2 Qd7 10. Re1 Na6 11. a3 Rad8 12. c4 Ndc7 13. Nd2 Nc5 14. Bc3 Nd3 15.
Rf1 e5 16. Nf3 Rfe8 17. dxe5 Nxe5 18. Nfd4 c5 19. Nxf5 Qxf5 20. Qb1 Nf3+ 21.
Bxf3 Qxf3 22. Bxg7 Kxg7 23. Nf4 Ne6 24. Nxe6+ Rxe6 25. Qb2+ Kg8 26. Rae1 Rxe1
27. Rxe1 Rd1 28. Rxd1 Qxd1+ 29. Kg2 Qd3 30. h4 h5 31. Kh2 a6 32. Qe5 Qxb3 33.
Qxc5 Qf3 34. a4 Kg7 35. a5 Kg8 36. Kg1 Kg7 37. Qd4+ Kg8 38. Qd6 Kg7 39. c5 Kg8
40. Qb8+ Kg7 41. Qd6 Qe4 42. Qd2 1/2-1/2

[Event "Oberliga Ost A"]
[Site "?"]
[Date "2022.06.19"]
[Round "5.1"]
[White "Mueller, Frank"]
[Black "Zawadzka, Jolanta"]
[Result "1/2-1/2"]
[WhiteElo "2266"]
[BlackElo "2400"]
[PlyCount "65"]
[EventDate "2021.10.10"]
[EventType "team-tourn"]
[EventCountry "GER"]
[WhiteTeam "Leipzig VfB"]
[BlackTeam "Plauen SK Koenig"]
[WhiteTeamCountry "GER"]
[BlackTeamCountry "GER"]

1. d4 d5 2. Bf4 c5 3. e3 Nc6 4. c3 Nf6 5. Nd2 cxd4 6. exd4 Bf5 7. Ngf3 e6 8.
Nh4 Be4 9. Nxe4 Nxe4 10. Nf3 Bd6 11. Bxd6 Nxd6 12. Bd3 Rc8 13. Qe2 O-O 14. O-O
a6 15. Rfe1 g6 16. Qe3 Ne7 17. g4 Nc6 18. Qf4 Qe7 19. Re2 f6 20. Qg3 Rce8 21.
Rae1 Qd7 22. h4 Nf7 23. g5 fxg5 24. hxg5 Re7 25. Kg2 Nd6 26. Qh3 Nf5 27. Nh2
Qd6 28. Ng4 Kh8 29. Ne5 Nxe5 30. Rxe5 Ref7 31. R1e2 Kg8 32. Bxf5 Rxf5 33. Qg4
1/2-1/2

[Event "Oberliga Ost A"]
[Site "?"]
[Date "2022.06.19"]
[Round "5.2"]
[White "Burian, Simon"]
[Black "Geiling, Christian"]
[Result "1-0"]
[WhiteElo "2170"]
[BlackElo "2174"]
[PlyCount "69"]
[EventDate "2021.10.10"]
[EventType "team-tourn"]
[EventCountry "GER"]
[WhiteTeam "Plauen SK Koenig"]
[BlackTeam "Leipzig VfB"]
[WhiteTeamCountry "GER"]
[BlackTeamCountry "GER"]

1. e4 d6 2. d4 Nf6 3. f3 g6 4. c4 Bg7 5. Nc3 O-O 6. Nge2 Nbd7 7. Ng3 c5 8. d5
a6 9. a4 Rb8 10. Be2 Re8 11. O-O Qa5 12. Bd2 h5 13. h3 h4 14. Nh1 Nh5 15. f4
Bd4+ 16. Kh2 Ndf6 17. Nb5 Qd8 18. Nxd4 cxd4 19. e5 Ng3 20. exf6 Nxf1+ 21. Bxf1
exf6 22. Be1 Qb6 23. b4 Bf5 24. a5 Qd8 25. Bxh4 b6 26. Ng3 bxa5 27. Nxf5 gxf5
28. bxa5 Kg7 29. Qxd4 Re4 30. Qd2 Rb3 31. Bf2 Qe8 32. Bd3 Re7 33. Bd4 Re4 34.
Bxe4 Qxe4 35. Rd1 1-0

[Event "Oberliga Ost A"]
[Site "?"]
[Date "2022.06.19"]
[Round "5.3"]
[White "Collini, Carsten"]
[Black "Zaehringer, Daniel"]
[Result "0-1"]
[WhiteElo "2114"]
[BlackElo "2149"]
[PlyCount "64"]
[EventDate "2021.10.10"]
[EventType "team-tourn"]
[EventCountry "GER"]
[WhiteTeam "Leipzig VfB"]
[BlackTeam "Plauen SK Koenig"]
[WhiteTeamCountry "GER"]
[BlackTeamCountry "GER"]

1. Nc3 Nf6 2. d4 d5 3. Bg5 Nbd7 4. Nf3 c5 5. e3 e6 6. Be2 Be7 7. O-O O-O 8. a4
h6 9. Bh4 Re8 10. a5 a6 11. Ra4 Nb8 12. Ne5 Bd7 13. Nxd7 Qxd7 14. Qa1 cxd4 15.
exd4 Nc6 16. Nd1 g5 17. Bg3 Ne4 18. Ne3 f5 19. Be5 Nxe5 20. dxe5 Qc7 21. Bh5
Rec8 22. b3 Nc3 23. Rd4 Qxe5 24. Rd3 Bd6 25. g3 g4 26. Qe1 Ne4 27. f3 gxf3 28.
Bxf3 Kh7 29. Ng2 Rxc2 30. Bxe4 fxe4 31. Rd1 Qb2 32. Rf7+ Kg8 0-1

[Event "Oberliga Ost A"]
[Site "?"]
[Date "2022.06.19"]
[Round "5.4"]
[White "Kunze, Carlo"]
[Black "Alahmad, Fadi"]
[Result "1/2-1/2"]
[WhiteElo "2276"]
[BlackElo "2131"]
[PlyCount "139"]
[EventDate "2021.10.10"]
[EventType "team-tourn"]
[EventCountry "GER"]
[WhiteTeam "Plauen SK Koenig"]
[BlackTeam "Leipzig VfB"]
[WhiteTeamCountry "GER"]
[BlackTeamCountry "GER"]

1. d4 Nf6 2. c4 e6 3. Nc3 d5 4. Bg5 Be7 5. e3 h6 6. Bh4 O-O 7. Nf3 Ne4 8. Bxe7
Qxe7 9. Qc2 Nxc3 10. Qxc3 Nc6 11. Be2 dxc4 12. Bxc4 Qb4 13. Rc1 Bd7 14. Qxb4
Nxb4 15. a3 Nc6 16. Bb5 Rac8 17. O-O a6 18. Be2 Rfd8 19. Rc5 Ne7 20. Rfc1 c6
21. Ne5 Be8 22. R5c3 f6 23. Nd3 b6 24. Rb3 Rb8 25. Bf3 a5 26. Be4 Bf7 27. Rbc3
Be8 28. b4 Nd5 29. Rb3 a4 30. Rb2 Kf7 31. Rbc2 Rb7 32. Nb2 Ra7 33. Nc4 Rb7 34.
Rd2 Ke7 35. Kf1 g5 36. Ke1 Ra8 37. g3 Rc8 38. Bf3 f5 39. Ne5 b5 40. Bxd5 exd5
41. Ke2 Kd6 42. f3 Rg7 43. Rh1 Rcc7 44. Rdd1 h5 45. Rdg1 Rg8 46. h4 Rcg7 47.
hxg5 Rxg5 48. Kf2 R5g7 49. Rh3 Ke6 50. Nd3 Kf6 51. Nf4 Rh8 52. Rh4 Bf7 53. Rgh1
Rgh7 54. Nd3 Be8 55. Ne5 Ke6 56. Rc1 Kd6 57. Nd3 Rg7 58. Rch1 Rgh7 59. Nf4 Ke7
60. g4 fxg4 61. fxg4 Kf6 62. gxh5 Kg5 63. Kf3 Kf5 64. R4h3 Rh6 65. Ne2 Rf8 66.
Rh4 Kg5+ 67. Nf4 Kf5 68. Rg4 Rfh8 69. Rgh4 Rf8 70. Rg4 1/2-1/2

[Event "Oberliga Ost A"]
[Site "?"]
[Date "2022.06.19"]
[Round "5.5"]
[White "Just, Wolfgang"]
[Black "Sandner, Gunter"]
[Result "1/2-1/2"]
[WhiteElo "2093"]
[BlackElo "2247"]
[PlyCount "163"]
[EventDate "2021.10.10"]
[EventType "team-tourn"]
[EventCountry "GER"]
[WhiteTeam "Leipzig VfB"]
[BlackTeam "Plauen SK Koenig"]
[WhiteTeamCountry "GER"]
[BlackTeamCountry "GER"]

1. f4 g6 2. Nf3 Bg7 3. e3 Nf6 4. d4 O-O 5. Bd3 c5 6. O-O Nc6 7. c3 d6 8. Qc2 e5
9. fxe5 dxe5 10. dxc5 Qe7 11. e4 Qxc5+ 12. Qf2 Qxf2+ 13. Rxf2 h6 14. Nbd2 Be6
15. Nb3 Ng4 16. Re2 Rfd8 17. Nc5 Bc8 18. h3 Bf8 19. hxg4 Bxc5+ 20. Be3 Bxe3+
21. Rxe3 Bxg4 22. Bc4 Kg7 23. Bd5 f6 24. b4 Rac8 25. a4 Rd6 26. a5 Be6 27. Bxe6
Rxe6 28. b5 Nd8 29. Rd1 Re7 30. Rd5 Kf7 31. Nd2 Ne6 32. g3 h5 33. Rf3 Nc5 34.
c4 Ke6 35. Re3 Rd7 36. Kf1 Rxd5 37. cxd5+ Kd7 38. Ke2 Na4 39. Rf3 Ke7 40. Rb3
Rc3 41. Rb4 Nc5 42. a6 bxa6 43. bxa6 Kd7 44. Rb8 Nxa6 45. Rg8 Rxg3 46. Rg7+ Kd8
47. Rxa7 Nc5 48. Ra8+ Ke7 49. Ra7+ Nd7 50. Nf3 g5 51. Kf2 Rg4 52. Ke3 h4 53.
Ra8 Nc5 54. Ra7+ Kd6 55. Nd2 Rg3+ 56. Ke2 Rc3 57. Rf7 Nd7 58. Nf1 h3 59. Ne3 h2
60. Rh7 Kc5 61. Kd2 Kd4 62. Nf5+ Kxe4 63. Kxc3 Kxf5 64. Rxh2 Nb6 65. Rg2 Ke4
66. d6 g4 67. Rb2 Nd7 68. Rb7 Nc5 69. Rc7 Ne6 70. Re7 Nd8 71. d7 g3 72. Kd2 Kf3
73. Ke1 g2 74. Rg7 e4 75. Rg6 f5 76. Rg5 f4 77. Rg6 e3 78. Rg8 e2 79. Rg6 Nc6
80. Rg8 Ke3 81. Rxg2 f3 82. Rxe2+ 1/2-1/2

[Event "Oberliga Ost A"]
[Site "?"]
[Date "2022.06.19"]
[Round "5.6"]
[White "Pfretzschner, Roland"]
[Black "Rohne, Lars"]
[Result "0-1"]
[WhiteElo "2178"]
[BlackElo "2107"]
[PlyCount "68"]
[EventDate "2021.10.10"]
[EventType "team-tourn"]
[EventCountry "GER"]
[WhiteTeam "Plauen SK Koenig"]
[BlackTeam "Leipzig VfB"]
[WhiteTeamCountry "GER"]
[BlackTeamCountry "GER"]

1. e4 c5 2. Nf3 d6 3. Bb5+ Nd7 4. c3 a6 5. Bd3 g6 6. O-O Bg7 7. Bc2 Ngf6 8. d4
O-O 9. Re1 e5 10. dxe5 Nxe5 11. Nxe5 dxe5 12. Qe2 Be6 13. Nd2 Qc7 14. c4 Ne8
15. b3 Nd6 16. Bb2 b5 17. Bd3 Rab8 18. Rac1 Qa5 19. cxb5 axb5 20. Rxc5 Qxa2 21.
Bxe5 Bxe5 22. Rxe5 Bxb3 23. Nxb3 Qxb3 24. Rb1 Qa3 25. Bxb5 Rfc8 26. g3 Nc4 27.
Rd5 Qc3 28. Rf1 h5 29. Bxc4 Rxc4 30. Re1 Rb2 31. Qe3 Qc2 32. e5 Re4 33. Qf3
Rxe1+ 34. Kg2 Qe4 0-1

[Event "Oberliga Ost A"]
[Site "?"]
[Date "2022.06.19"]
[Round "5.7"]
[White "Mueller, Giso"]
[Black "Hoerr, Matthias"]
[Result "0-1"]
[WhiteElo "2112"]
[BlackElo "2152"]
[PlyCount "46"]
[EventDate "2021.10.10"]
[EventType "team-tourn"]
[EventCountry "GER"]
[WhiteTeam "Leipzig VfB"]
[BlackTeam "Plauen SK Koenig"]
[WhiteTeamCountry "GER"]
[BlackTeamCountry "GER"]

1. e4 c5 2. d4 cxd4 3. c3 Nf6 4. e5 Nd5 5. cxd4 d6 6. Nf3 e6 7. Nc3 Nxc3 8.
bxc3 Qc7 9. Bd2 Nd7 10. exd6 Bxd6 11. Bd3 b6 12. Ng5 Nf6 13. Qf3 Bb7 14. Ne4
Bxe4 15. Bxe4 Nxe4 16. Qxe4 O-O 17. f4 Qc4 18. a4 Rac8 19. Kf2 f6 20. Rhd1 e5
21. f5 exd4 22. cxd4 Rfe8 23. Qg4 h5 0-1

[Event "Oberliga Ost A"]
[Site "?"]
[Date "2022.06.19"]
[Round "5.8"]
[White "Fischer, Erik"]
[Black "Englert, Luca"]
[Result "1/2-1/2"]
[WhiteElo "2026"]
[BlackElo "1727"]
[PlyCount "59"]
[EventDate "2021.10.10"]
[EventType "team-tourn"]
[EventCountry "GER"]
[WhiteTeam "Plauen SK Koenig"]
[BlackTeam "Leipzig VfB"]
[WhiteTeamCountry "GER"]
[BlackTeamCountry "GER"]

1. e4 c5 2. Nf3 d6 3. Bb5+ Nd7 4. O-O Ngf6 5. Re1 e6 6. c3 Be7 7. d4 O-O 8. a4
a6 9. Bd3 e5 10. dxe5 Nxe5 11. Nxe5 dxe5 12. Qe2 Be6 13. Nd2 Qc7 14. Nf1 Rfd8
15. Bc2 Qc6 16. c4 Rab8 17. a5 Ne8 18. Ba4 Qc7 19. Bxe8 Rxe8 20. Bd2 Rbd8 21.
Bc3 Bg5 22. Red1 f6 23. Ng3 g6 24. b3 Kf7 25. Qc2 Bg4 26. Rd5 Be6 27. Rdd1 Bg4
28. Rd5 Ke7 29. Bb2 Kf7 30. Bc3 1/2-1/2

[Event "Oberliga Ost A"]
[Site "?"]
[Date "2022.07.09"]
[Round "6.2"]
[White "Dahl, Christoph"]
[Black "Cerveny, Martin"]
[Result "0-1"]
[WhiteElo "2355"]
[BlackElo "2396"]
[PlyCount "118"]
[EventDate "2021.10.10"]
[EventType "team-tourn"]
[EventCountry "GER"]
[WhiteTeam "Dresden SG Gruen Weiss"]
[BlackTeam "Aue ESV Nickelhuette"]
[WhiteTeamCountry "GER"]
[BlackTeamCountry "GER"]

1. e4 c5 2. Nf3 d6 3. d4 cxd4 4. Nxd4 Nf6 5. Nc3 a6 6. Bg5 e6 7. f4 Qc7 8. Bxf6
gxf6 9. Qf3 b5 10. a3 Bb7 11. Be2 h5 12. O-O-O Nd7 13. Qh3 h4 14. Nxe6 fxe6 15.
Qxe6+ Be7 16. Bxb5 Kd8 17. e5 fxe5 18. fxe5 axb5 19. Nxb5 Qc6 20. Nxd6 Bg5+ 21.
Kb1 Kc7 22. Rd4 Ra5 23. Rc4 Rc5 24. Rxc5 Nxc5 25. Qf7+ Kb6 26. Rd1 Rd8 27. Rd4
Ka7 28. Qf2 Kb8 29. Ka1 Be7 30. Qf7 Bxd6 31. exd6 Nd7 32. Qf2 Rf8 33. Qd2 Qc5
34. Rxh4 Rf1+ 35. Ka2 Rf2 36. Qd4 Qxd4 37. Rxd4 Rxc2 38. g4 Rxh2 39. a4 Ka7 40.
Ka3 Kb6 41. b4 Rh3+ 42. Kb2 Rg3 43. Rc4 Bc6 44. b5 Bd5 45. Rc7 Be6 46. Rc8 Rxg4
47. Re8 Rg6 48. Kc3 Kc5 49. Rc8+ Kxd6 50. a5 Rg3+ 51. Kd2 Bd5 52. a6 Ra3 53.
Kc2 Nb6 54. Rc3 Ra5 55. Rg3 Kc5 56. Rg7 Kxb5 57. a7 Kc6 58. Kc3 Nd7 59. Kd4
Ra4+ 0-1

[Event "Oberliga Ost A"]
[Site "?"]
[Date "2022.07.09"]
[Round "6.4"]
[White "Nake, Matthias"]
[Black "Jurasek, Miroslav"]
[Result "0-1"]
[WhiteElo "2156"]
[BlackElo "2241"]
[PlyCount "80"]
[EventDate "2021.10.10"]
[EventType "team-tourn"]
[EventCountry "GER"]
[WhiteTeam "Dresden SG Gruen Weiss"]
[BlackTeam "Aue ESV Nickelhuette"]
[WhiteTeamCountry "GER"]
[BlackTeamCountry "GER"]

1. e4 e5 2. Nf3 Nf6 3. d4 Nxe4 4. Bd3 d5 5. Nxe5 Be7 6. Nd2 Nf6 7. O-O Nc6 8.
c3 Nxe5 9. dxe5 Nd7 10. Re1 Nf8 11. Nb3 Ne6 12. f4 g6 13. Qf3 Ng7 14. Be3 h5
15. h3 Be6 16. Rad1 Qc8 17. Nd4 Nf5 18. Nxe6 fxe6 19. c4 c6 20. Bf2 Kf7 21.
cxd5 cxd5 22. Rc1 Qd7 23. Rc2 Rac8 24. Rec1 Rxc2 25. Rxc2 b6 26. b3 Kg7 27. a4
Rc8 28. Qd1 Bc5 29. g4 hxg4 30. hxg4 Ne3 31. Bxe3 Bxe3+ 32. Kg2 Bxf4 33. Bb5
Qd8 34. Rf2 Rc1 35. Qd4 g5 36. Rxf4 gxf4 37. Qxf4 Rc2+ 38. Kg3 Rc3+ 39. Kg2 Qh4
40. Be2 Rxb3 0-1

[Event "Oberliga Ost A"]
[Site "?"]
[Date "2022.07.09"]
[Round "6.5"]
[White "Heinz, Thomas"]
[Black "Rudolf, Matthias"]
[Result "0-1"]
[WhiteElo "2160"]
[BlackElo "2099"]
[PlyCount "64"]
[EventDate "2021.10.10"]
[EventType "team-tourn"]
[EventCountry "GER"]
[WhiteTeam "Aue ESV Nickelhuette"]
[BlackTeam "Dresden SG Gruen Weiss"]
[WhiteTeamCountry "GER"]
[BlackTeamCountry "GER"]

1. e4 e6 2. d4 d5 3. exd5 exd5 4. Bd3 Nf6 5. Bg5 Be7 6. Nf3 Bg4 7. Nbd2 Nbd7 8.
Nf1 Ne4 9. Bxe7 Qxe7 10. Ne3 Ndf6 11. c3 c6 12. h3 Bh5 13. g4 Bg6 14. Ne5 Nd6
15. Bxg6 hxg6 16. Qd3 Nd7 17. Nxd7 Qxd7 18. O-O-O O-O-O 19. f3 Rde8 20. Rde1
Re6 21. h4 Qe7 22. h5 gxh5 23. Kd1 Re8 24. Ng2 hxg4 25. fxg4 Qg5 26. Rxe6 Rxe6
27. Qf3 Rf6 28. Rh8+ Kd7 29. Qe2 Ne4 30. Ne3 Rf2 31. Qe1 Rf3 32. Nxd5 Rf1 0-1

[Event "Oberliga Ost A"]
[Site "?"]
[Date "2022.07.09"]
[Round "6.1"]
[White "Belous, Mikhail"]
[Black "Natsidis, Christoph"]
[Result "1/2-1/2"]
[WhiteElo "2370"]
[BlackElo "2328"]
[PlyCount "34"]
[EventDate "2021.10.10"]
[EventType "team-tourn"]
[EventCountry "GER"]
[WhiteTeam "Dessau SK"]
[BlackTeam "Leipzig SG"]
[WhiteTeamCountry "GER"]
[BlackTeamCountry "GER"]

1. d4 Nf6 2. c4 e6 3. Nc3 d5 4. cxd5 exd5 5. Bg5 c6 6. e3 Be7 7. Bd3 O-O 8. Qc2
Nbd7 9. Nf3 Re8 10. O-O Nf8 11. Rab1 a5 12. a3 Ne4 13. Bxe7 Qxe7 14. b4 axb4
15. axb4 Ng6 16. b5 Bg4 17. Bxe4 dxe4 1/2-1/2

[Event "Oberliga Ost A"]
[Site "?"]
[Date "2022.07.09"]
[Round "6.2"]
[White "Nguyen, Alex Dac Vuong"]
[Black "Schubert, Ralf"]
[Result "1-0"]
[WhiteElo "2318"]
[BlackElo "2110"]
[PlyCount "115"]
[EventDate "2021.10.10"]
[EventType "team-tourn"]
[EventCountry "GER"]
[WhiteTeam "Leipzig SG"]
[BlackTeam "Dessau SK"]
[WhiteTeamCountry "GER"]
[BlackTeamCountry "GER"]

1. e4 d6 2. d4 Nf6 3. f3 e5 4. Ne2 c6 5. c4 Be7 6. Nbc3 a6 7. Be3 b5 8. dxe5
dxe5 9. Qxd8+ Bxd8 10. Nc1 Be6 11. Nb3 Nbd7 12. O-O-O bxc4 13. Nd2 Bb6 14. Bg5
Bd4 15. Bxc4 Bxc3 16. bxc3 Nc5 17. Be3 Nfd7 18. Bxe6 Nxe6 19. Nc4 Ke7 20. Rd6
Rhc8 21. Rhd1 Nef8 22. Na5 c5 23. Nc6+ Ke8 24. R1d5 f6 25. Bxc5 Nxc5 26. Rxc5
Rc7 27. Rcd5 Rac8 28. Rd8+ Rxd8 29. Rxd8+ Kf7 30. Rd6 Ne6 31. Kd2 Nc5 32. Nb4
a5 33. Nd5 Rb7 34. Rb6 Rxb6 35. Nxb6 Ke6 36. Nc4 a4 37. Nb2 Kd6 38. Nd3 Ne6 39.
Nb2 Nc5 40. c4 g5 41. Kc3 g4 42. Nd3 gxf3 43. gxf3 Ne6 44. Kb4 Nd4 45. Kxa4
Nxf3 46. Kb5 Nxh2 47. Kb6 Kd7 48. Kb7 Nf3 49. a4 Nd4 50. a5 Nc6 51. a6 h5 52.
Nb4 Na5+ 53. Kb8 Nxc4 54. a7 Nb6 55. Nd5 Na8 56. Nxf6+ Kc6 57. Nxh5 Nb6 58.
a8=Q+ 1-0

[Event "Oberliga Ost A"]
[Site "?"]
[Date "2022.07.09"]
[Round "6.4"]
[White "Hoffmann, Hendrik"]
[Black "Leibovitch, Iziaslav"]
[Result "1-0"]
[WhiteElo "2235"]
[BlackElo "2090"]
[PlyCount "61"]
[EventDate "2021.10.10"]
[EventType "team-tourn"]
[EventCountry "GER"]
[WhiteTeam "Leipzig SG"]
[BlackTeam "Dessau SK"]
[WhiteTeamCountry "GER"]
[BlackTeamCountry "GER"]

1. e4 d6 2. d4 Nf6 3. Nc3 g6 4. Nf3 Bg7 5. Be2 O-O 6. O-O Nc6 7. d5 Ne5 8. Nxe5
dxe5 9. Bg5 h6 10. Be3 e6 11. Qc1 exd5 12. Nxd5 Nxd5 13. exd5 Kh7 14. c4 f5 15.
f3 Qe7 16. Qc2 Bd7 17. Rfd1 Rfe8 18. c5 c6 19. d6 Qf6 20. Rab1 Kh8 21. b4 f4
22. Bf2 g5 23. b5 h5 24. bxc6 bxc6 25. Rb7 Rad8 26. Rxa7 g4 27. Rxd7 Rxd7 28.
fxg4 Qg5 29. h4 Qh6 30. g5 Qe6 31. Bf3 1-0